[Event "USA-chT Amateur East"]
[Site "Parsippany"]
[Date "2012.02.20"]
[Round "6"]
[White "Lawrence, Jeffrey A"]
[Black "Richman, Jonathan T"]
[Result "1-0"]
[WhiteElo "1926"]
[BlackElo "2006"]
[PlyCount "53"]
[EventDate "2012.02.18"]
[EventType "team-swiss"]
[EventRounds "6"]
[EventCountry "USA"]
[SourceTitle "CBM 147 Extra"]
[Source "ChessBase"]
[SourceDate "2012.04.24"]
[SourceVersion "1"]
[SourceVersionDate "2012.04.24"]
[SourceQuality "1"]

1. e4 c6 2. Nf3 d5 3. exd5 cxd5 4. Ne5 a6 5. d4 Nf6 6. c3 Bf5 7. Qb3 Qc8 8. Be2 e6 9. Nd2 Bd6 10. f4 0-0 11. 0-0 Nc6 12. Ndf3 b5 13. Nxc6 Qxc6 14. Ne5 Qc7 15. a3 Rfc8 16. Be3 Rab8 17. Rfc1 Qb7 18. Qd1 h6 19. Qf1 a5 20. Kh1 Rc7 21. Kg1 Bf8 22. g4 Be4 23. g5 hxg5 24. fxg5 Ne8 25. Bg4 Nd6 26. g6 f5 27. Qh3 1-0